Statistics for Musical Acts from Los Angeles Quiz

Click here to take the quiz!

General Stats

  • This quiz has been taken 11,952 times
  • The average score is 13 of 23

Answer Stats

SongsMusical Act% Correct
Sweet Child o' Mine, November RainGuns N' Roses
91%
Hotel California, Best of My LoveEagles
89%
Surfin' USA, California GirlsThe Beach Boys
88%
Under the Bridge, CalifornicationRed Hot Chili Peppers
86%
Moves Like Jagger, PayphoneMaroon 5
79%
I Gotta Feeling, Let's Get It StartedThe Black Eyed Peas
78%
Enter Sandman, Master of PuppetsMetallica
77%
Gin and Juice, Drop It Like It's HotSnoop Dogg
67%
Light My Fire, Love Me Two TimesThe Doors
63%
Party Rock Anthem, ShotsLMFAO
62%
Walk Like an Egyptian,
A Hazy Shade of Winter (cover)
The Bangles
60%
Last Train to Clarksville, I'm a BelieverThe Monkees
59%
Straight Outta Compton,
Express Yourself
N.W.A.
56%
Hot for Teacher, PanamaVan Halen
56%
Undone – The Sweater Song,
Buddy Holly
Weezer
51%
Killing in the Name, RevolverRage Against
the Machine
48%
It Was a Good Day, Check Yo SelfIce Cube
39%
Dr. Feelgood, Shout at the DevilMötley Crüe
38%
Mr. Tambourine Man, Turn! Turn! Turn!The Byrds
37%
(They Long to Be) Close to You,
Top of the World
The Carpenters
37%
Happy Together, It Ain't Me BabeThe Turtles
34%
April 29 1992, What I GotSublime
28%
Low Rider, Spill the WineWar
25%

Score Distribution

Percentile by Number Answered

Percent of People with Each Score

Your Score History

You have not taken this quiz